000 00500nam a2200181Ia 4500
003 GCL
008 140319s9999 xx 000 0 ara d
040 _aGCL /
_cGCL
082 0 4 _a320.5322
_bس ا
100 1 _aستالين
245 1 0 _aاسس اللينينية:?حول مسائل اللينينية /
_cستالين
300 _a256 ص
490 _a100 قصة
_v0
650 0 4 _aالاشتراكية
650 0 4 _aالبروليتاريا
650 0 4 _aاللينينية
942 _2ddc
_cBK
999 _c46762
_d46762